Tratado de psiquiatría del niño y del adolescente : el niño : familia y enseñanza /
En este volumen se incluyen capítulos sobre la carencia de cuidados maternos y sus efectos, la rivalidad fraterna, higiene mental infantil, carencia paterna, la hipermaduración, la madre adolescente y su hijo, la adopción, la inseminación artificial, la familia, los kibbutz, los hijos del divorcio,...
Gardado en:
| Autor Principal: | |
|---|---|
| Outros autores: | , |
| Formato: | Libro |
| Idioma: | Lingua castelá |
| Publicado: |
Madrid, España :
Biblioteca Nueva,
1993, c1993
|
| Series: | (Psicoanálisis y Psicoterapia)
|
| Temas: | |
| Etiquetas: |
Sen Etiquetas, Sexa o primeiro en etiquetar este rexistro!
|
MARC
| LEADER | 00000nam^a2200000^a^4500 | ||
|---|---|---|---|
| 001 | 000106703 | ||
| 005 | 20250521000000.0 | ||
| 009 | 20260310093545.388 | ||
| 020 | |a 84-7030-345-7 | ||
| 037 | |a Acervo ITESO - Biblioteca | ||
| 041 | |a ESP | ||
| 082 | |a 616. 89021 |b LEB V. 6 | ||
| 100 | |a Lebovici, Serge |e (autor) | ||
| 240 | 1 | 1 | |a [Tratado de psiquiatría del niño y del adolescente] |
| 245 | 1 | 0 | |a Tratado de psiquiatría del niño y del adolescente : |b el niño : familia y enseñanza / |c S. Lebovici, R. Diatkine, M. Soulé ; tr. por Alberto Barrenechea. |
| 264 | 4 | |a Madrid, España : |b Biblioteca Nueva, |c 1993, c1993 | |
| 300 | |a 322 p. | ||
| 336 | |a texto |b txt |2 rdacontenido | ||
| 337 | |a sin mediación |b n |2 rdamedio | ||
| 338 | |a volumen |b nc |2 rdasoporte | ||
| 440 | 1 | |a (Psicoanálisis y Psicoterapia) | |
| 500 | |a Traducción de: Traitê de psychiatrie de l'enfant et de l'adolescent | ||
| 520 | |a En este volumen se incluyen capítulos sobre la carencia de cuidados maternos y sus efectos, la rivalidad fraterna, higiene mental infantil, carencia paterna, la hipermaduración, la madre adolescente y su hijo, la adopción, la inseminación artificial, la familia, los kibbutz, los hijos del divorcio, familias psicóticas, crisis familiares graves, incesto, la escuela, los niños superdotados, la universidad, el adolescente y la vida profesional. | ||
| 649 | |a XX | ||
| 650 | |a Niños - |x Condiciones Psicológicas | ||
| 650 | |a Adolescentes - |x Condiciones Psicológicas | ||
| 650 | |a Relaciones Padres-Hijos | ||
| 650 | |a Relaciones entre Hermanos | ||
| 650 | |a Divorcio | ||
| 650 | |a Incesto | ||
| 650 | |a Relaciones Familiares | ||
| 650 | |a Educación Familiar | ||
| 650 | |a Familia | ||
| 650 | |a Adopción | ||
| 650 | |a Psicoanálisis - |x Teoría | ||
| 650 | |a Psicoterapia Infantil | ||
| 650 | |a Psicología Clínica | ||
| 650 | |a Psicología Evolutiva | ||
| 650 | |a Psiquiatría | ||
| 700 | |a Diatkine, René |e (autor) | ||
| 700 | |a Soulé, Michel |e (autor) | ||
| 910 | |a Fondo General | ||
| 920 | |a Impresos - Libros | ||
| 930 | |a Colección General | ||
| 905 | |a 101 | ||
| 901 | |a 0500042544 |b IT1 |c ACC |u 20250521 | ||
| 902 | |a https://opac.biblio.iteso.mx/vufind/Record/000106703 | ||